Twists and turns (Record no. 117602)
[ view plain ]
| 000 -LEADER | |
|---|---|
| fixed length control field | 01621cam a2200265 4500 |
| 001 - CONTROL NUMBER | |
| control field | ABS67949 |
| 008 - FIXED-LENGTH DATA ELEMENTS--GENERAL INFORMATION | |
| fixed length control field | 040629n2004 000 0 eng u |
| 035 ## - SYSTEM CONTROL NUMBER | |
| System control number | (Sirsi) u126616 |
| 100 ## - MAIN ENTRY--PERSONAL NAME | |
| Personal name | Bannister, E. |
| 245 ## - TITLE STATEMENT | |
| Title | Twists and turns |
| 260 ## - PUBLICATION, DISTRIBUTION, ETC. | |
| Date of publication, distribution, etc. | 2004 |
| 490 ## - SERIES STATEMENT | |
| Series statement | Estates Gazette |
| Volume/sequential designation | (0424) 12 June 2004, 140-142(3) |
| 520 ## - SUMMARY, ETC. | |
| Summary, etc. | Article advises how to keep leases simple, by basing rent review clauses on reality and the actual lease and the subject matter of that lease. At rent review, if there is ambiguity in the drafting of a rent review clause, courts will usually follow the lease rather than take into account what the tenant gets, even if the result makes little commercial sense. This article discusses one aspect of this commercial purpose approach, which is the presumption of reality , where the courts try to ensure that the valuation exercise remains as close to reality, as possible in the lease and its subject matter. Outlines "Canary Wharf Investments v Telegraph Group Ltd" ([2003] EWHC 1575 (Ch), [2003] 46 EG 132, Abs67266) where Canary Wharf tried to apply the presumption of reality and summarises the Judge's review of the natural meaning of open market rent. |
| 590 ## - LOCAL NOTE (RLIN) | |
| Local note | ABS |
| 590 ## - LOCAL NOTE (RLIN) | |
| Local note | ABS |
| 650 ## - SUBJECT ADDED ENTRY--TOPICAL TERM | |
| Topical term or geographic name entry element | PRESUMPTION OF REALITY |
| 650 ## - SUBJECT ADDED ENTRY--TOPICAL TERM | |
| Topical term or geographic name entry element | RENT REVIEW CLAUSES |
| 650 ## - SUBJECT ADDED ENTRY--TOPICAL TERM | |
| Topical term or geographic name entry element | BRITISH GAS CORPORATION V UNIVERSITIES SUPERANNUATION SCHEME LTD |
| 650 ## - SUBJECT ADDED ENTRY--TOPICAL TERM | |
| Topical term or geographic name entry element | BASINGSTOKE AND DEANE BC V HOST GROUP LTD |
| 650 ## - SUBJECT ADDED ENTRY--TOPICAL TERM | |
| Topical term or geographic name entry element | BEEGAS NOMINEES LTD V DECCO LTD |
| 650 ## - SUBJECT ADDED ENTRY--TOPICAL TERM | |
| Topical term or geographic name entry element | OPEN MARKET RENT |
| 650 ## - SUBJECT ADDED ENTRY--TOPICAL TERM | |
| Topical term or geographic name entry element | MARKET CONDITIONS |
| 690 ## - LOCAL SUBJECT ADDED ENTRY--TOPICAL TERM (OCLC, RLIN) | |
| Topical term or geographic name as entry element | LANDLORD AND TENANT-RENT REVIEWS |
| 942 ## - ADDED ENTRY ELEMENTS (KOHA) | |
| Suppress in OPAC | 0 |
| Withdrawn status | Lost status | Source of classification or shelving scheme | Damaged status | Not for loan | Home library | Current library | Shelving location | Date acquired | Total Checkouts | Full call number | Barcode | Date last seen | Copy number | Price effective from | Koha item type |
|---|---|---|---|---|---|---|---|---|---|---|---|---|---|---|---|
| Dewey Decimal Classification | London | London | Journal article | 29/06/2004 | ABS67949 | 126616-1001 | 06/08/2019 | 1 | 06/08/2019 | Journal article |